Los complejos agroindustriales lecheros en América Latina y Argentina /

Guardado en:
Autor Principal: Barsky, Osvaldo.
Formato: Libro
Idioma:Spanish
Publicado: Buenos Aires : CISEA, 1987.
Etiquetas: Agregar Etiqueta
Sin Etiquetas, Sea el primero en etiquetar este registro!
LEADER 00449nam a22001335a 4500
001 EEA.libagro004397
005 20181122131209.0
008 130809s1987####ag#a##########000#0#spa#d
082 0 4 |a 637.1 
100 1 |a Barsky, Osvaldo. 
245 1 4 |a Los complejos agroindustriales lecheros en América Latina y Argentina /  |c Osvaldo Barsky. 
260 |a Buenos Aires :  |b CISEA,  |c 1987. 
300 |a 49 h. :  |b il. ;  |c 28 cm. 
859 |a AR-BbBCA  |b BIB. AGRONOMIA  |h 637.1  |i B268  |p 1990/1640